[Event "Malaga op 15th"]
[Site "Malaga"]
[Date "2021.10.31"]
[Round "5"]
[White "Rey Martinez, Jaime"]
[Black "Gonzalez Capacete, Jose Miguel"]
[Result "1-0"]
[WhiteElo "2093"]
[BlackElo "1912"]
[PlyCount "57"]
[EventDate "2021.10.29"]
[EventType "swiss"]
[EventRounds "7"]
[EventCountry "ESP"]
[SourceTitle "CBM 204 Extra"]
[Source "ChessBase"]
[SourceDate "2021.11.30"]
[SourceVersion "1"]
[SourceVersionDate "2021.11.30"]
[SourceQuality "1"]

1. e4 e6 2. d4 d5 3. Nc3 Bb4 4. Nge2 Nf6 5. Bg5 dxe4 6. a3 Be7 7. Bxf6 Bxf6 8. Nxe4 0-0 9. Qd3 Be7 10. h4 f5 11. N4c3 c5 12. 0-0-0 cxd4 13. Nxd4 Nc6 14. Nxc6 bxc6 15. Qg3 Qb6 16. Bc4 Bf6 17. Rhe1 Rb8 18. Bb3 Kh8 19. Na4 Qb5 20. Qd6 Re8 21. Nc5 Bxh4 22. Nxe6 Bxe6 23. Rxe6 Rxe6 24. Qxe6 Bxf2 25. Rh1 Qc5 26. Qg6 Be3+ 27. Kb1 h6 28. Rd1 Bg5 29. Qxg5 1-0

[Event "Malaga op 15th"]
[Site "Malaga"]
[Date "2021.10.30"]
[Round "3"]
[White "Martin Carmona, Gaston Manuel"]
[Black "Gonzalez Capacete, Jose Miguel"]
[Result "1-0"]
[WhiteElo "2326"]
[BlackElo "1912"]
[PlyCount "39"]
[EventDate "2021.10.29"]
[EventType "swiss"]
[EventRounds "7"]
[EventCountry "ESP"]
[SourceTitle "CBM 204 Extra"]
[Source "ChessBase"]
[SourceDate "2021.11.30"]
[SourceVersion "1"]
[SourceVersionDate "2021.11.30"]
[SourceQuality "1"]

1. Nf3 c5 2. b3 Nf6 3. Bb2 e6 4. e3 Be7 5. c4 0-0 6. Nc3 Nc6 7. Be2 d5 8. cxd5 Nxd5 9. Qb1 a6 10. h4 h6 11. g4 f5 12. gxf5 Nxc3 13. Bxc3 exf5 14. Bc4+ Kh7 15. Qb2 Bf6 16. Ng5+ Kg6 17. h5+ Kxg5 18. Bxf6+ Qxf6 19. f4+ Kg4 20. Kf2 1-0

[Event "Casabermeja op"]
[Site "Casabermeja"]
[Date "2021.09.11"]
[Round "4"]
[White "Gavilan Diaz, Mario"]
[Black "Gonzalez Capacete, Jose Miguel"]
[Result "1-0"]
[WhiteElo "2278"]
[BlackElo "1899"]
[PlyCount "65"]
[EventDate "2021.09.09"]
[EventType "swiss"]
[EventRounds "7"]
[EventCountry "ESP"]
[SourceTitle "CBM 204 Extra"]
[Source "ChessBase"]
[SourceDate "2021.11.30"]
[SourceVersion "1"]
[SourceVersionDate "2021.11.30"]
[SourceQuality "1"]

1. d4 d5 2. c4 dxc4 3. e4 Nf6 4. e5 Nd5 5. Bxc4 Nb6 6. Bd3 Nc6 7. Nf3 Bg4 8. Be4 Bxf3 9. Bxf3 Qd7 10. a4 a5 11. 0-0 e6 12. Nc3 0-0-0 13. Bg5 Be7 14. Bxc6 bxc6 15. Bxe7 Qxe7 16. Qf3 Rxd4 17. Qxc6 Rhd8 18. Nb5 Rb4 19. Nd6+ Rxd6 20. exd6 Qd7 21. Qc5 Qxd6 22. Qxa5 Nd5 23. Rac1 Rxb2 24. Rb1 Ra2 25. Qb5 Kd8 26. Qc4 Qa3 27. Qh4+ Kd7 28. Qxh7 Qc3 29. Qe4 f5 30. Qh4 f4 31. Rfc1 Qe5 32. Rb8 Nf6 33. Qh8 1-0

[Event "Roquetas de Mar op 28th"]
[Site "Roquetas de Mar"]
[Date "2017.01.03"]
[Round "1"]
[White "Gonzalez Capacete, Jose Miguel"]
[Black "Tazbir, Marcin"]
[Result "0-1"]
[WhiteElo "2077"]
[BlackElo "2524"]
[PlyCount "78"]
[EventDate "2017.01.03"]
[EventType "swiss"]
[EventRounds "9"]
[EventCountry "ESP"]
[SourceTitle "CBM 176 Extra"]
[Source "ChessBase"]
[SourceDate "2017.03.02"]
[SourceVersion "1"]
[SourceVersionDate "2017.03.02"]
[SourceQuality "1"]

1. e4 c6 2. d4 d5 3. exd5 cxd5 4. Bd3 Nc6 5. Ne2 Nb4 6. Bb5+ Bd7 7. Bxd7+ Qxd7 8. c3 Nc6 9. Nd2 e6 10. Nf3 Nge7 11. 0-0 Ng6 12. Bg5 Bd6 13. Qd2 f6 14. Bf4 Nxf4 15. Nxf4 0-0-0 16. Nd3 e5 17. Nc5 Qf7 18. Kh1 e4 19. Ng1 Rhe8 20. f4 Bxc5 21. dxc5 d4 22. cxd4 Rxd4 23. Qc3 Rd3 24. Qc2 Red8 25. Rad1 Nb4 26. Qa4 Rxd1 27. Rxd1 Rxd1 28. Qxd1 Nd3 29. Nh3 Qxa2 30. g3 Qe6 31. Qf1 e3 32. Qe2 Qe4+ 33. Kg1 Nxc5 34. b4 Qb1+ 35. Kg2 Qxb4 36. Qg4+ Nd7 37. Qxg7 e2 38. Qg8+ Kc7 39. Qxh7 e1Q 0-1

[Event "ESP-ch U18"]
[Site "Granada"]
[Date "2016.07.30"]
[Round "9"]
[White "Gonzalez Capacete, Jose Miguel"]
[Black "Balbuena Fuentes, Mario"]
[Result "1/2-1/2"]
[WhiteElo "2080"]
[BlackElo "2196"]
[PlyCount "60"]
[EventDate "2016.07.25"]
[EventType "swiss"]
[EventRounds "9"]
[EventCountry "ESP"]
[SourceTitle "EXT 2024"]
[Source "ChessBase"]
[SourceDate "2023.10.10"]
[SourceVersion "1"]
[SourceVersionDate "2023.10.10"]
[SourceQuality "1"]

1. c4 e5 2. Nc3 Nc6 3. g3 f5 4. Bg2 Nf6 5. e3 d5 6. Nxd5 Nxd5 7. cxd5 Nb4 8. d3 Nxd5 9. Nf3 Bd6 10. 0-0 Nf6 11. b3 0-0 12. Bb2 Qe7 13. Rc1 c6 14. Nd2 Ba3 15. Bxa3 Qxa3 16. Nc4 Qe7 17. Qc2 Bd7 18. Nd2 Rae8 19. Qc5 Qxc5 20. Rxc5 b6 21. Rc2 c5 22. Nc4 Bb5 23. Rd1 Bxc4 24. dxc4 Rd8 25. Rcd2 Rxd2 26. Rxd2 Kf7 27. Kf1 Ke7 28. Ke2 Rd8 29. Rxd8 Kxd8 30. h3 Ke7 1/2-1/2

[Event "ESP-ch U18"]
[Site "Salobrena"]
[Date "2015.07.31"]
[Round "8"]
[White "Lacruz Algarate, Alvaro"]
[Black "Gonzalez Capacete, Jose Miguel"]
[Result "1-0"]
[WhiteElo "2072"]
[BlackElo "1977"]
[PlyCount "31"]
[EventDate "2015.07.27"]
[EventType "swiss"]
[EventRounds "9"]
[EventCountry "ESP"]
[SourceTitle "EXT 2016"]
[Source "ChessBase"]
[SourceDate "2015.10.08"]
[SourceVersion "1"]
[SourceVersionDate "2015.10.08"]
[SourceQuality "1"]

1. e4 e6 2. d4 d5 3. e5 c5 4. c3 Nc6 5. Nf3 Bd7 6. a3 f6 7. b4 cxd4 8. cxd4 Rc8 9. Bd3 Qc7 10. Bb2 Nh6 11. 0-0 Nf7 12. exf6 gxf6 13. Re1 Kd8 14. Nc3 h5 15. Rc1 Rg8 16. b5 1-0

[Event "ESP-ch U18"]
[Site "Salobrena"]
[Date "2015.07.28"]
[Round "3"]
[White "Ruperez Benito, Antonio"]
[Black "Gonzalez Capacete, Jose Miguel"]
[Result "1/2-1/2"]
[WhiteElo "2148"]
[BlackElo "1977"]
[PlyCount "111"]
[EventDate "2015.07.27"]
[EventType "swiss"]
[EventRounds "9"]
[EventCountry "ESP"]
[SourceTitle "EXT 2016"]
[Source "ChessBase"]
[SourceDate "2015.10.08"]
[SourceVersion "1"]
[SourceVersionDate "2015.10.08"]
[SourceQuality "1"]

1. e4 c5 2. Nf3 e6 3. c3 Nf6 4. e5 Nd5 5. d4 cxd4 6. cxd4 d6 7. Nc3 Nc6 8. Bg5 Be7 9. Bxe7 Qxe7 10. Bb5 Bd7 11. Nxd5 exd5 12. 0-0 0-0 13. Bxc6 Bxc6 14. Rc1 Rac8 15. Qb3 Rfe8 16. Rc3 dxe5 17. Nxe5 f6 18. Nxc6 bxc6 19. h3 Rb8 20. Qc2 Qe2 21. b3 Qxc2 22. Rxc2 Rb6 23. Rfc1 Re6 24. f3 Kf7 25. Kf2 Ke7 26. Rc5 Kd7 27. R1c3 Kd6 28. a3 Re7 29. b4 Rc7 30. Ke3 Re7+ 31. Kd2 Rc7 32. h4 h5 33. Re3 Re7 34. g4 hxg4 35. Rxe7 Kxe7 36. fxg4 Ra6 37. Rc3 Rb6 38. Ke3 g5 39. hxg5 fxg5 40. Kd2 Ke6 41. Re3+ Kf6 42. Rf3+ Kg6 43. Kc3 Rb8 44. Kb3 a5 45. Rc3 Rb6 46. Rc5 axb4 47. a4 Kf6 48. a5 Ra6 49. Kxb4 Ke6 50. Rc1 Kd6 51. Rh1 Ra8 52. Rh6+ Kc7 53. Rg6 Rb8+ 54. Ka3 Rb5 55. Ka4 Rb1 56. Rg7+ 1/2-1/2

[Event "ESP-ch U16"]
[Site "Salobrena"]
[Date "2015.07.24"]
[Round "7"]
[White "Gonzalez Capacete, Jose Miguel"]
[Black "Aliane Diez, Aaron"]
[Result "1/2-1/2"]
[WhiteElo "1977"]
[BlackElo "1834"]
[PlyCount "83"]
[EventDate "2015.07.20"]
[EventType "swiss"]
[EventRounds "9"]
[EventCountry "ESP"]
[SourceTitle "EXT 2016"]
[Source "ChessBase"]
[SourceDate "2015.10.08"]
[SourceVersion "1"]
[SourceVersionDate "2015.10.08"]
[SourceQuality "1"]

1. Nf3 Nf6 2. b3 d5 3. Bb2 e6 4. e3 Nbd7 5. Be2 Bd6 6. d4 0-0 7. 0-0 Ne4 8. Nfd2 f5 9. Qe1 Rf6 10. f4 Rh6 11. c4 c6 12. Nf3 Ndf6 13. h3 Qe7 14. Nc3 Bd7 15. Ne5 Kh8 16. Rf3 Rg8 17. Bd3 g5 18. Bxe4 dxe4 19. Rg3 Bxe5 20. dxe5 Nh5 21. Rxg5 Rxg5 22. fxg5 Qxg5 23. Rd1 Rg6 24. Qf2 Be8 25. Ne2 Rg8 26. Rd6 Qg6 27. Kf1 f4 28. exf4 e3 29. Qxe3 Qxg2+ 30. Ke1 Ng3 31. Rxe6 Nxe2 32. Qxe2 Qg1+ 33. Kd2 Bh5 34. Qxh5 Rg2+ 35. Kd3 Rg3+ 36. Ke4 Qb1+ 37. Kd4 Qg1+ 38. Ke4 Qb1+ 39. Kd4 Qg1+ 40. Ke4 Qb1+ 41. Kd4 Qxb2+ 42. Ke4 1/2-1/2

[Event "ESP-ch U16"]
[Site "Salobrena"]
[Date "2015.07.22"]
[Round "4"]
[White "Represa Perez, Mireya"]
[Black "Gonzalez Capacete, Jose Miguel"]
[Result "0-1"]
[WhiteElo "1836"]
[BlackElo "1977"]
[PlyCount "70"]
[EventDate "2015.07.20"]
[EventType "swiss"]
[EventRounds "9"]
[EventCountry "ESP"]
[SourceTitle "EXT 2016"]
[Source "ChessBase"]
[SourceDate "2015.10.08"]
[SourceVersion "1"]
[SourceVersionDate "2015.10.08"]
[SourceQuality "1"]

1. e4 e6 2. d4 d5 3. Nc3 Bb4 4. exd5 exd5 5. Bd3 Ne7 6. Qh5 Nbc6 7. a3 Ba5 8. Nf3 Be6 9. Be3 Qd7 10. Ng5 0-0-0 11. Nxe6 fxe6 12. 0-0 e5 13. Bb5 Bb6 14. Na4 Bxd4 15. Bxd4 exd4 16. Nc5 Qd6 17. Qg4+ Kb8 18. Ne6 h5 19. Qe2 Rdg8 20. Rad1 g5 21. Nxd4 Ne5 22. Rfe1 N7g6 23. Nf3 Ng4 24. h3 Nf4 25. Qe7 Qh6 26. Nxg5 a6 27. Ne6 Rh7 28. Qb4 Nxh3+ 29. gxh3 Nxf2+ 30. Kxf2 Rf7+ 31. Ke2 axb5 32. Nc5 Re7+ 33. Kd3 Rg3+ 34. Kd4 Qf6+ 35. Kxd5 c6# 0-1

[Event "ESP-ch U16"]
[Site "Salobrena"]
[Date "2015.07.20"]
[Round "2"]
[White "Plazuelo Pascual, Juan"]
[Black "Gonzalez Capacete, Jose Miguel"]
[Result "1-0"]
[WhiteElo "2335"]
[BlackElo "1977"]
[PlyCount "66"]
[EventDate "2015.07.20"]
[EventType "swiss"]
[EventRounds "9"]
[EventCountry "ESP"]
[SourceTitle "EXT 2016"]
[Source "ChessBase"]
[SourceDate "2015.10.08"]
[SourceVersion "1"]
[SourceVersionDate "2015.10.08"]
[SourceQuality "1"]

1. d4 Nf6 2. c4 g6 3. f3 d5 4. cxd5 Nxd5 5. e4 Nb6 6. Nc3 Bg7 7. Be3 0-0 8. Qd2 e5 9. d5 c6 10. Rd1 cxd5 11. exd5 Qh4+ 12. Bf2 Qb4 13. a3 Qb3 14. Bd3 N8d7 15. Nge2 Nc4 16. Bxc4 Qxc4 17. 0-0 Nf6 18. Ng3 Rd8 19. Nge4 Be6 20. Bh4 Nxe4 21. fxe4 Qc5+ 22. Qf2 Qxf2+ 23. Rxf2 Bg4 24. Rdf1 Rd7 25. h3 Bh5 26. g4 g5 27. Bxg5 Bg6 28. Bf6 Bf8 29. Kh2 Bc5 30. Re2 Re8 31. h4 h6 32. h5 Bh7 33. g5 Ra8 1-0

[Event "Gibraltar Challengers-B 13th"]
[Site "Caleta"]
[Date "2015.02.04"]
[Round "5"]
[White "Ungureanu, Sandu"]
[Black "Gonzalez Capacete, Jose Miguel"]
[Result "1/2-1/2"]
[WhiteElo "2040"]
[BlackElo "1920"]
[PlyCount "132"]
[EventDate "2015.01.31"]
[EventType "swiss"]
[EventRounds "5"]
[EventCountry "GGB"]
[SourceTitle "CBM 164 Extra"]
[Source "ChessBase"]
[SourceDate "2015.03.02"]
[SourceVersion "1"]
[SourceVersionDate "2015.03.02"]
[SourceQuality "1"]

1. g3 c5 2. Bg2 g6 3. d4 cxd4 4. Qxd4 Nf6 5. c4 Bg7 6. Nc3 0-0 7. Nf3 d6 8. 0-0 Nc6 9. Qd1 Be6 10. Nd2 Nd7 11. Rb1 Qa5 12. a3 Nb6 13. b4 Qh5 14. Bf3 Bg4 15. Bxg4 Qxg4 16. e4 Qe6 17. Nd5 Rac8 18. Nxb6 axb6 19. Qb3 Nd4 20. Qd3 f5 21. exf5 Rxf5 22. Bb2 Ne2+ 23. Kg2 Rh5 24. h4 Rxh4 25. Qd5 Qxd5+ 26. cxd5 Rh5 27. Bxg7 Kxg7 28. Rbe1 Nc3 29. Rxe7+ Kf6 30. Re6+ Kf7 31. Rxd6 Rxd5 32. Ne4 Ke7 33. Rxd5 Nxd5 34. Rd1 Rd8 35. Kf3 h6 36. Ke2 Ke6 37. Rd3 Rc8 38. Kd2 Ke5 39. f3 Rc6 40. Nf2 h5 41. f4+ Ke6 42. Ne4 Kf5 43. Rxd5+ Kxe4 44. Rg5 Kd4 45. f5 gxf5 46. Rxf5 Rg6 47. Rf3 Kc4 48. Kc2 Rg4 49. Rc3+ Kb5 50. Kb3 Ka6 51. a4 h4 52. gxh4 Rxh4 53. Rd3 Rg4 54. Kc3 Rh4 55. Rd8 Ka7 56. Rd4 Rh1 57. Kc4 Rh2 58. Kd5 Rc2 59. Kd6 Rc6+ 60. Kd7 Rc1 61. b5 Rc2 62. Kd8 Rc1 63. Kd7 Kb8 64. Rd2 Ka7 65. Ke8 Rc4 66. Ke7 Rc1 1/2-1/2

[Event "Gibraltar Challengers-B 13th"]
[Site "Caleta"]
[Date "2015.02.01"]
[Round "2"]
[White "Gonzalez Capacete, Jose Miguel"]
[Black "Wiedersich, Jens"]
[Result "1/2-1/2"]
[WhiteElo "1920"]
[BlackElo "2125"]
[PlyCount "37"]
[EventDate "2015.01.31"]
[EventType "swiss"]
[EventRounds "5"]
[EventCountry "GGB"]
[SourceTitle "CBM 164 Extra"]
[Source "ChessBase"]
[SourceDate "2015.03.02"]
[SourceVersion "1"]
[SourceVersionDate "2015.03.02"]
[SourceQuality "1"]

1. e4 c5 2. Nf3 d6 3. d4 cxd4 4. Nxd4 Nf6 5. Nc3 a6 6. Bc4 e6 7. 0-0 b5 8. Bb3 Bb7 9. Bxe6 fxe6 10. Nxe6 Qd7 11. Nd5 Bxd5 12. exd5 h6 13. Qd3 Kf7 14. Nf4 Qb7 15. Re1 Nbd7 16. Qf5 Kg8 17. Qe6+ Kh7 18. Qf5+ Kg8 19. Qe6+ 1/2-1/2

[Event "Andalucia-ch U16"]
[Site "Huelva"]
[Date "2014.04.26"]
[Round "6.1"]
[White "Gonzalez Capacete, Jose Miguel"]
[Black "Santos Ruiz, Miguel"]
[Result "1/2-1/2"]
[WhiteElo "2033"]
[BlackElo "2344"]
[PlyCount "48"]
[EventDate "2014.04.25"]
[EventType "swiss"]
[EventRounds "9"]
[EventCountry "ESP"]
[SourceTitle "EXT 2024"]
[Source "ChessBase"]
[SourceDate "2023.10.10"]
[SourceVersion "1"]
[SourceVersionDate "2023.10.10"]
[SourceQuality "1"]

1. e4 c5 2. Nf3 Nc6 3. Nc3 e5 4. Bc4 Be7 5. 0-0 Nf6 6. d3 d6 7. Be3 0-0 8. h3 a6 9. a4 Rb8 10. Rb1 Nd4 11. Nd5 b5 12. axb5 axb5 13. Nxf6+ Bxf6 14. Bd5 Be6 15. Bxe6 Nxe6 16. Ra1 Ra8 17. Nd2 Qc7 18. c3 Ra5 19. Rxa5 Qxa5 20. Qa1 Ra8 21. Nb3 Qxa1 22. Rxa1 Rxa1+ 23. Nxa1 Bg5 24. Bxg5 Nxg5 1/2-1/2

[Event "EU-ch U14 23rd"]
[Site "Budva"]
[Date "2013.10.05"]
[Round "6"]
[White "Gonzalez Capacete, Jose Miguel"]
[Black "Tica, Sven"]
[Result "0-1"]
[WhiteElo "1917"]
[BlackElo "2105"]
[PlyCount "46"]
[EventDate "2013.09.29"]
[EventType "swiss"]
[EventRounds "9"]
[EventCountry "MNE"]
[SourceTitle "EXT 2014"]
[Source "ChessBase"]
[SourceDate "2013.11.20"]
[SourceVersion "1"]
[SourceVersionDate "2013.11.20"]
[SourceQuality "1"]

1. e4 c5 2. Nf3 d6 3. d4 cxd4 4. Nxd4 Nf6 5. Nc3 g6 6. Be3 Bg7 7. f3 0-0 8. Qd2 Nc6 9. Bc4 Bd7 10. 0-0-0 Rb8 11. h4 b5 12. Ndxb5 Ne5 13. Be2 Qa5 14. Nd4 Rfc8 15. Nb3 Rxb3 16. axb3 Qa1+ 17. Nb1 Nxe4 18. Qd4 Nxf3 19. Bxf3 Bxd4 20. Rxd4 Nc5 21. Rc4 Nxb3+ 22. cxb3 Rxc4+ 23. bxc4 Bf5 0-1

[Event "EU-ch U14 23rd"]
[Site "Budva"]
[Date "2013.10.02"]
[Round "4"]
[White "Arcuti, Davide"]
[Black "Gonzalez Capacete, Jose Miguel"]
[Result "0-1"]
[WhiteElo "2060"]
[BlackElo "1917"]
[PlyCount "84"]
[EventDate "2013.09.29"]
[EventType "swiss"]
[EventRounds "9"]
[EventCountry "MNE"]
[SourceTitle "EXT 2014"]
[Source "ChessBase"]
[SourceDate "2013.11.20"]
[SourceVersion "1"]
[SourceVersionDate "2013.11.20"]
[SourceQuality "1"]

1. d4 d5 2. c4 e6 3. Nc3 c5 4. cxd5 exd5 5. Nf3 Nc6 6. g3 Nf6 7. Bg2 Be7 8. 0-0 0-0 9. dxc5 Bxc5 10. a3 a6 11. b4 Ba7 12. Bg5 d4 13. Ne4 Re8 14. Nh4 Bg4 15. h3 Bxh3 16. Bxf6 gxf6 17. Bxh3 Rxe4 18. Bf5 Re5 19. Qd3 h6 20. Kh2 Qd5 21. Rae1 Rae8 22. Rh1 Qa2 23. Bg4 Rg5 24. Bf5 Ne5 25. Qd1 Qxa3 26. Qd2 Qc3 27. Qxc3 dxc3 28. f4 Ng4+ 29. Bxg4 Rxg4 30. Nf5 Rg6 31. Kg2 c2 32. Kf3 Kh7 33. Rc1 Rc8 34. e3 Rc4 35. Rh2 Rxb4 36. Rcxc2 Bb6 37. Ne7 Rb3 38. Rce2 Bxe3 39. Ke4 Bg1 40. Rh1 Rgxg3 41. Nf5 Rb4+ 42. Kd5 Rd3+ 0-1

[Event "EU-ch U14 23rd"]
[Site "Budva"]
[Date "2013.09.29"]
[Round "1"]
[White "Gonzalez Capacete, Jose Miguel"]
[Black "Santos Ruiz, Miguel"]
[Result "1-0"]
[WhiteElo "1917"]
[BlackElo "2285"]
[PlyCount "89"]
[EventDate "2013.09.29"]
[EventType "swiss"]
[EventRounds "9"]
[EventCountry "MNE"]
[SourceTitle "EXT 2014"]
[Source "ChessBase"]
[SourceDate "2013.11.20"]
[SourceVersion "1"]
[SourceVersionDate "2013.11.20"]
[SourceQuality "1"]

1. e4 e6 2. d4 d5 3. Nd2 c5 4. exd5 Qxd5 5. Ngf3 cxd4 6. Bc4 Qd6 7. 0-0 Nf6 8. Nb3 Nc6 9. Nbxd4 Nxd4 10. Nxd4 a6 11. c3 Qc7 12. Qe2 Be7 13. Re1 0-0 14. Bg5 Re8 15. Bb3 Bd7 16. Rad1 e5 17. Nc2 Bg4 18. f3 Bc5+ 19. Kh1 Bf5 20. Bxf6 gxf6 21. Ne3 Bxe3 22. Qxe3 Rad8 23. Qh6 Qc6 24. Rxd8 Rxd8 25. Rxe5 fxe5 26. Qg5+ Qg6 27. Qxd8+ Kg7 28. Qe7 Be6 29. h4 Qb1+ 30. Kh2 Bxb3 31. Qxe5+ f6 32. Qg3+ Kh6 33. Qf4+ Kg6 34. axb3 Qxb2 35. Qe4+ Kh6 36. Qxb7 Qxc3 37. Qxa6 Qe5+ 38. g3 Qf5 39. Qe2 Qd5 40. b4 Qb3 41. b5 Kg6 42. Qe8+ Kh6 43. Qf8+ Kg6 44. h5+ Kxh5 45. Qxf6 1-0

[Event "Malaga Region-ch"]
[Site "Malaga"]
[Date "2013.02.02"]
[Round "8"]
[White "Terron Elena, Francisco Miguel"]
[Black "Gonzalez Capacete, Jose Miguel"]
[Result "1-0"]
[WhiteElo "2278"]
[BlackElo "1802"]
[PlyCount "43"]
[EventDate "2013.01.12"]
[EventType "swiss"]
[EventRounds "9"]
[EventCountry "ESP"]
[SourceTitle "CBM 152 Extra"]
[Source "ChessBase"]
[SourceDate "2013.02.25"]
[SourceVersion "1"]
[SourceVersionDate "2013.02.25"]
[SourceQuality "1"]

1. d4 d6 2. Nf3 Nf6 3. g3 g6 4. Bg2 Bg7 5. 0-0 Nbd7 6. c4 e5 7. Nc3 0-0 8. e4 Nb6 9. b3 exd4 10. Nxd4 c6 11. Bf4 Re8 12. Rc1 d5 13. exd5 cxd5 14. c5 Nbd7 15. Ndb5 Nxc5 16. Nc7 g5 17. Nxe8 Nxe8 18. Nxd5 gxf4 19. Rxc5 fxg3 20. hxg3 Nd6 21. Nc7 Rb8 22. Nb5 1-0

[Event "Malaga Region-ch"]
[Site "Malaga"]
[Date "2013.01.20"]
[Round "5"]
[White "Cardoso Garcia, Sergio"]
[Black "Gonzalez Capacete, Jose Miguel"]
[Result "1/2-1/2"]
[WhiteElo "2044"]
[BlackElo "1802"]
[PlyCount "62"]
[EventDate "2013.01.12"]
[EventType "swiss"]
[EventRounds "9"]
[EventCountry "ESP"]
[SourceTitle "CBM 152 Extra"]
[Source "ChessBase"]
[SourceDate "2013.02.25"]
[SourceVersion "1"]
[SourceVersionDate "2013.02.25"]
[SourceQuality "1"]

1. c4 c5 2. Nf3 Nc6 3. Nc3 g6 4. g3 Bg7 5. Bg2 e5 6. d3 Nge7 7. 0-0 d6 8. Ne1 0-0 9. Nc2 Rb8 10. Ne3 Be6 11. a3 a6 12. Ned5 b5 13. e4 f5 14. cxb5 axb5 15. Bg5 h6 16. Bxe7 Nxe7 17. Nxe7+ Qxe7 18. Nd5 Qf7 19. Qe2 f4 20. f3 Bxd5 21. exd5 Qxd5 22. Qe4 Qxe4 23. dxe4 Bf6 24. Rfd1 Be7 25. g4 Ra8 26. Bf1 Rfb8 27. Rd5 Kf8 28. b3 Ra5 29. Rd2 Rba8 30. Rda2 g5 31. a4 b4 1/2-1/2

[Event "ESP-ch U14"]
[Site "Salobrena"]
[Date "2012.07.13"]
[Round "7"]
[White "Alfaya Marcelo, Roberto"]
[Black "Gonzalez Capacete, Jose Miguel"]
[Result "1/2-1/2"]
[WhiteElo "1743"]
[BlackElo "1781"]
[PlyCount "62"]
[EventDate "2012.07.09"]
[EventType "swiss"]
[EventRounds "9"]
[EventCountry "ESP"]
[SourceTitle "EXT 2014"]
[Source "ChessBase"]
[SourceDate "2013.11.20"]
[SourceVersion "1"]
[SourceVersionDate "2013.11.20"]
[SourceQuality "1"]

1. e4 c5 2. Nf3 d6 3. d4 cxd4 4. Nxd4 Nf6 5. Nc3 g6 6. Bc4 Bg7 7. Be3 0-0 8. f3 Nc6 9. Bb3 Bd7 10. Qd2 Rc8 11. h4 h5 12. 0-0-0 Ne5 13. Bh6 a5 14. Bxg7 Kxg7 15. g4 e6 16. gxh5 Nxh5 17. f4 Nc4 18. Bxc4 Rxc4 19. f5 exf5 20. exf5 Ng3 21. Qd3 Nxh1 22. Qxc4 Nf2 23. Rf1 Ng4 24. fxg6 fxg6 25. Rxf8 Qxf8 26. b3 Ne5 27. Ne6+ Bxe6 28. Qxe6 Qf6 29. Qd5 b6 30. Kb2 Nf7 31. Qe4 b5 1/2-1/2

[Event "ESP-ch U14"]
[Site "Salobrena"]
[Date "2012.07.11"]
[Round "5"]
[White "Gallardo Obregon, Alexandra"]
[Black "Gonzalez Capacete, Jose Miguel"]
[Result "0-1"]
[WhiteElo "1527"]
[BlackElo "1781"]
[PlyCount "43"]
[EventDate "2012.07.09"]
[EventType "swiss"]
[EventRounds "9"]
[EventCountry "ESP"]
[SourceTitle "EXT 2014"]
[Source "ChessBase"]
[SourceDate "2013.11.20"]
[SourceVersion "1"]
[SourceVersionDate "2013.11.20"]
[SourceQuality "1"]

1. e4 a6 2. Nc3 b5 3. f4 Bb7 4. d3 e6 5. Nf3 c5 6. Qe2 d6 7. Be3 Nf6 8. g3 Be7 9. Bg2 0-0 10. 0-0 d5 11. e5 Nfd7 12. d4 cxd4 13. Bxd4 Nc6 14. Kh1 Nxd4 15. Nxd4 Bc5 16. Qd2 Qb6 17. Nce2 f6 18. exf6 Nxf6 19. b4 Be7 20. Bh3 Ne4 21. Bxe6+ Qxe6 22. Qd1 0-1

[Event "ESP-ch U14"]
[Site "Salobrena"]
[Date "2012.07.10"]
[Round "3"]
[White "Aliane Diez, Aaron"]
[Black "Gonzalez Capacete, Jose Miguel"]
[Result "0-1"]
[WhiteElo "1611"]
[BlackElo "1781"]
[PlyCount "85"]
[EventDate "2012.07.09"]
[EventType "swiss"]
[EventRounds "9"]
[EventCountry "ESP"]
[SourceTitle "EXT 2014"]
[Source "ChessBase"]
[SourceDate "2013.11.20"]
[SourceVersion "1"]
[SourceVersionDate "2013.11.20"]
[SourceQuality "1"]

1. d4 Nf6 2. c4 g6 3. Nc3 Bg7 4. e4 d6 5. f3 0-0 6. Be3 Nbd7 7. Bd3 e5 8. d5 Ne8 9. Nge2 f5 10. exf5 gxf5 11. Qc2 Nc5 12. 0-0-0 Nxd3+ 13. Qxd3 Nf6 14. Rdf1 Bd7 15. g3 a6 16. b4 b5 17. Kd2 bxc4 18. Qxc4 Re8 19. h3 Kh8 20. Rd1 c6 21. Ke1 Rc8 22. Qxa6 cxd5 23. Bb6 Qe7 24. Nxd5 Nxd5 25. Rxd5 Bc6 26. Rd1 Bxf3 27. Rf1 e4 28. Be3 Red8 29. h4 Bf6 30. Kf2 Bxh4 31. Bd4+ Bf6 32. Bxf6+ Qxf6 33. Rc1 Ra8 34. Qc4 d5 35. Qb3 Qb6+ 36. Rc5 d4 37. Qb2 Qf6 38. Rd1 Bxe2 39. Qxe2 d3 40. Qd2 Qd4+ 41. Kg2 e3 42. Qe1 Rxa2+ 43. Kh3 0-1

[Event "Malaga-ch"]
[Site "Malaga"]
[Date "2012.01.22"]
[Round "5"]
[White "Garcia Ruiz, Angel"]
[Black "Gonzalez Capacete, Jose Miguel"]
[Result "1/2-1/2"]
[WhiteElo "1957"]
[BlackElo "1757"]
[PlyCount "57"]
[EventDate "2012.01.14"]
[EventType "swiss"]
[EventRounds "9"]
[EventCountry "ESP"]
[SourceTitle "CBM 146 Extra"]
[Source "ChessBase"]
[SourceDate "2012.02.29"]
[SourceVersion "1"]
[SourceVersionDate "2012.02.29"]
[SourceQuality "1"]

1. d4 Nf6 2. c4 g6 3. Nc3 d5 4. cxd5 Nxd5 5. Nf3 Bg7 6. Qb3 Nb6 7. Bf4 Be6 8. Qc2 Nc6 9. e3 0-0 10. Be2 Nb4 11. Qc1 N6d5 12. Bg3 c5 13. a3 cxd4 14. exd4 Nc6 15. Qd1 Nb6 16. Be5 Nxe5 17. Nxe5 Rc8 18. 0-0 Nd5 19. Ne4 Nf4 20. Bf3 Bc4 21. Re1 Bxe5 22. dxe5 Nd3 23. Re3 Nxe5 24. Ng5 Qxd1+ 25. Rxd1 Nxf3+ 26. Nxf3 Rc7 27. Rc3 Rcc8 28. Rd7 Be6 29. Rxb7 1/2-1/2